A Small Book of Random Numbers : Volume One

Saved in:
Bibliographic Details
Main Author: McNalley, James (Author)
Format: Book
Language:English
Published: Lexinton : McNalley, 2010
Subjects:
Tags: Add Tag
No Tags, Be the first to tag this record!

MARC

LEADER 00000nam a22000003a 4500
001 stu207636
005 20150617230059.5
008 100716s2010----xxu-----------------eng-d
020 |a 978-1-4528-1836-8 
040 |a STU  |b slo 
041 0 |a eng 
044 |a xxu 
080 |a 004.45 
100 1 |a McNalley, James  |4 aut 
245 1 |a A Small Book of Random Numbers :  |b Volume One 
260 |a Lexinton :  |b McNalley,  |c 2010 
300 |a 186 s 
650 7 |a náhodné premenné  |2 stusub 
650 7 |a náhodné veličiny  |2 stusub 
996 |b 284EK88385  |c E*88385  |l EE22  |s P  |a 0  |w stu207636_0001